| 000 | 00359nam a2200169Ia 4500 | ||
|---|---|---|---|
| 100 | _aKahate/Atul | ||
| 650 | _aSecurity | ||
| 250 | _a2 | ||
| 942 | _cBK | ||
| 366 | _f25 | ||
| 654 | _acrptography | ||
| 245 | _aCryptography and network security | ||
| 260 |
_bMcGraw Hill _c2008 |
||
| 082 |
_a5.82 _bKAH |
||
| 300 | _a541 | ||
| 546 |
_aENGLISH _cPAMPHALETS |
||
| 999 |
_c23706 _d23706 |
||